书目信息 |
| 题名: |
动画剧本创作
|
|
| 作者: | 洪汎 著 | |
| 分册: | ||
| 出版信息: | 济南 山东美术出版社 2010 |
|
| 页数: | 185页 | |
| 开本: | 29cm | |
| 丛书名: | ||
| 单 册: | ||
| 中图分类: | I053.5 , J954 | |
| 科图分类: | ||
| 主题词: | 动画片--剧本--创作方法 , 动画片 , 剧本 , 创作方法 | |
| 电子资源: | ||
| ISBN: | 978-7-5330-2856-5 | |
| 000 | 01063nam0 2200289 45 | |
| 001 | 1138552422 | |
| 005 | 20110419105102.90 | |
| 010 | @a978-7-5330-2856-5@dCNY32.00 | |
| 100 | @a20101216d2010 ekmy0chiy0120 ea | |
| 101 | 0 | @achi |
| 102 | @aCN@b370000 | |
| 105 | @aa z 000yy | |
| 106 | @ar | |
| 200 | 1 | @a动画剧本创作@ADong Hua Ju Ben Chuang Zuo@e动画·独立动画制作手册@EDong Hua· Du Li Dong Hua Zhi Zuo Shou Ce@f洪汎著@FHong Fa Zhu |
| 210 | @a济南@c山东美术出版社@d2010 | |
| 215 | @a185页@c图@d29cm | |
| 330 | @a本书包括如何选题、组织故事、设定影片风格、如何做好人物及场景设计、编剧的基础语言及后期剪辑合成等等。其次,针对实际制作中的问题,结合作者多年的经验 ,提出解决办法,解决读者实际制作、认识观念上的相关问题。 | |
| 517 | 1 | @a动画·独立动画制作手册@ADong Hua· Du Li Dong Hua Zhi Zuo Shou Ce |
| 606 | 0 | @a动画片@x剧本@x创作方法 |
| 606 | 0 | @a动画片 |
| 606 | 0 | @a剧本 |
| 606 | 0 | @a创作方法 |
| 690 | @aI053.5@v4 | |
| 690 | @aJ954@v4 | |
| 701 | 0 | @a洪汎@AHong Fa@4著 |
| 801 | 0 | @aCN@bTANGWEI@c20110419 |
| 905 | @b0536818@dI053.5@e182@f1 | |
| 动画剧本创作:动画·独立动画制作手册/洪汎著.-济南:山东美术出版社,2010 |
| 185页:图;29cm |
| ISBN 978-7-5330-2856-5:CNY32.00 |
| 本书包括如何选题、组织故事、设定影片风格、如何做好人物及场景设计、编剧的基础语言及后期剪辑合成等等。其次,针对实际制作中的问题,结合作者多年的经验 ,提出解决办法,解决读者实际制作、认识观念上的相关问题。 |
| ● |
| 相关链接 |
|
|
|
|
正题名:动画剧本创作
索取号:I053.5/182
 
预约/预借
| 序号 | 登录号 | 条形码 | 馆藏地/架位号 | 状态 | 备注 |
| 1 | 0536818 | 205368181 | 第一样本阅览室/ [索取号:I053.5/182] | 在馆 |